000 00264nam a2200097Ia 4500
008 200302s9999 xx 000 0 und d
100 _aVivian Lei ed.,
245 _aInside:Outside Residence
260 _bArtpower International Publishing Co., Ltd.,
300 _a436 P.,
999 _c2882
_d2882